| 000 | 00482nam a2200157Ia 4500 | ||
|---|---|---|---|
| 008 | 160316s1997 xxu||||| |||| 00| 0 eng d | ||
| 082 |
_a346.066000 _bHOP-2 |
||
| 100 | _aHopt Klaus J | ||
| 245 | _aComparative corporate governance : Essays and materials | ||
| 250 | _a | ||
| 260 |
_aBerlin _bWalter de Gruyner _c1997 |
||
| 300 |
_aM-140 _b _c |
||
| 365 | _b | ||
| 650 | _a1. Corporate Governance - A Comparative Study 2. Comprative Corporate Governance | ||
| 700 |
_aWymeersch Eddy _a |
||
| 999 |
_c18948 _d18948 |
||